Library Banner

Rural development (Record no. 64082)

MARC details
000 -LEADER
fixed length control field 00466nam a2200181Ia 4500
001 - CONTROL NUMBER
control field 63478
008 - FIXED-LENGTH DATA ELEMENTS--GENERAL INFORMATION
fixed length control field 150108s9999 xx 000 0 und d
020 ## - INTERNATIONAL STANDARD BOOK NUMBER
International Standard Book Number 9789331319883
040 ## - CATALOGING SOURCE
Transcribing agency PK-LaUMT
082 ## - DEWEY DECIMAL CLASSIFICATION NUMBER
Classification number 307.12
Item number SIN-R
100 ## - MAIN ENTRY--PERSONAL NAME
Personal name Singh, Sita Ram
245 ## - TITLE STATEMENT
Title Rural development
Statement of responsibility, etc Singh, Sita Ram
260 ## - PUBLICATION, DISTRIBUTION, ETC. (IMPRINT)
Place of publication, distribution, etc New Delhi,India:
Name of publisher, distributor, etc APH Publishing Corporation,
Date of publication, distribution, etc 2013
300 ## - PHYSICAL DESCRIPTION
Extent 218 p.
546 ## - LANGUAGE NOTE
Language note EN
650 ## - SUBJECT ADDED ENTRY--TOPICAL TERM
Topical term or geographic name as entry element Rural development - India
942 ## - ADDED ENTRY ELEMENTS (KOHA)
Koha item type Books
Holdings
Withdrawn status Lost status Damaged status Not for loan Home library Current library Date acquired Total Checkouts Full call number Barcode Date last seen Date checked out Price effective from Koha item type
        UMT Main Campus UMT Main Campus 2015-01-08 1 307.12 SIN-R 86465 2021-10-14 2021-10-13 2015-01-08 Books